00418nam a2200157Ia 4500003000400000005001700004008004100021020001500062040000900077082002300086100003600109245004700145250001200192260004700204300000900251OSt20200130100305.0190216s9999||||xx |||||||||||||| ||und|| a8183181996 coclc a368.0060954bGUP/I1 aGupta, P. K.,cPh. D., D. Litt. 0aInsurance And Risk Management /cP K Gupta a1st ed. bHimalaya Publishing House,aMumbai:c2004. a543p